Ligue 1 2007/2008 Classement - Statistiques

Statistiques générales
  • Ce quiz a été pris 120 fois
  • Le résultat moyen est 18 sur 20
Statistiques - réponses
Classement pts Equipes % Correct
1 79 Lyon
100%
3 62 Marseille
100%
2 75 Bordeaux
98%
7 57 Lille
97%
16 43 Paris
97%
18 40 Lens
95%
12 47 Monaco
95%
8 55 Nice
95%
5 58 Saint-Etienne
95%
6 58 Rennes
94%
15 44 Auxerre
93%
17 42 Toulouse
92%
10 52 Lorient
89%
20 24 Metz
88%
4 60 Nancy
87%
14 44 Sochaux
87%
19 35 Strasbourg
86%
11 51 Caen
77%
13 45 Valenciennes
77%
9 53 Le Mans
71%
Aucun quiz correspondant
Distribution des résultats
% des personnes avec chaque résultat
Percentile par nombre de réponses
Votre historique - résultats
Vous n’avez pas pris ce quiz